| 000 | 01149cam a22002175a 4500 | ||
|---|---|---|---|
| 001 | L150095 | ||
| 008 | 100602s2010 xxk 000 0 eng d | ||
| 035 | _a(Sirsi) u150095 | ||
| 041 | 0 | _aeng | |
| 100 | 1 | _aDowden, Malcolm | |
| 245 | 0 | 0 | _aRent review update - leases in transition? |
| 260 | _c2010 | ||
| 490 | 0 |
_aJournal of Property Investment and Finance _v28(2), 2010, (4) |
|
| 520 | _a2009 saw significant debate on the continuing significance of institutional lease assumptions and their impact on rent reviews. There was a marked trend in case law against imposing expensive obligations on tenants unless the lease wording clearly required it. Discusses the introduction of the Carbon Reduction Commitment (CRC) energy efficiency scheme in April 2010 and its likely effects effects on rent reviews. | ||
| 590 | _aKA | ||
| 650 | 2 | 4 | _aCARBON REDUCTION COMMITMENT |
| 650 | 2 | 4 | _aNORWICH UNION LIFE INSURANCE SOCIETY V BRITISH RAILWAYS |
| 651 | 4 | _aUnited Kingdom | |
| 690 | _aPROPERTY-COMMERCIAL PROPERTY-LEASEHOLD COMMERCIAL PROPERTY-COMMERCIAL LANDLORD AND TENANT-BUSINESS TENANCIES-RENT REVIEW (BUSINESS TENANCIES) | ||
| 942 |
_n0 _2ddc |
||
| 999 |
_c82392 _d82392 |
||